एकला बोलो रे. (Record no. 275077)

MARC details
000 -LEADER
fixed length control field 00585nam a2200181Ia 4500
008 - FIXED-LENGTH DATA ELEMENTS--GENERAL INFORMATION
fixed length control field 090630s9999 xx 000 0 und d
082 ## - DEWEY DECIMAL CLASSIFICATION NUMBER
Item number 23221
100 ## - MAIN ENTRY--PERSONAL NAME
Personal name कणेकर शिरिष.
245 ## - TITLE STATEMENT
Title एकला बोलो रे.
Statement of responsibility, etc कणेकर शिरिष.
260 ## - PUBLICATION, DISTRIBUTION, ETC. (IMPRINT)
Name of publisher, distributor, etc मॅजेस्टीक.
300 ## - PHYSICAL DESCRIPTION
Extent 198
600 ## - SUBJECT ADDED ENTRY--PERSONAL NAME
Personal name कणेकर शिरिष.
630 ## - SUBJECT ADDED ENTRY--UNIFORM TITLE
Uniform title एकला बोलो रे.
655 ## - INDEX TERM--GENRE/FORM
Genre/form data or focus term लघुकथा.
700 ## - ADDED ENTRY--PERSONAL NAME
Personal name कणेकर शिरिष.
730 ## - ADDED ENTRY--UNIFORM TITLE
Uniform title एकला बोलो रे.
942 ## - ADDED ENTRY ELEMENTS (KOHA)
Koha item type Book
Holdings
Withdrawn status Lost status Damaged status Not for loan Home library Current library Date acquired Cost, normal purchase price Total Checkouts Full call number Barcode Date last seen Cost, replacement price Price effective from Koha item type
        Sarvajanik Wachanalaya Shrivardhan Sarvajanik Wachanalaya Shrivardhan   150.00   23221 SAWASHRI-23221 06/30/2009 150.00 06/30/2009 Book